Online Catalogue and eLibrary

The War Against Women (Record no. 1723)

MARC details
000 -LEADER
fixed length control field 00449nam a2200193Ia 4500
005 - DATE AND TIME OF LATEST TRANSACTION
control field 20250217053127.0
008 - FIXED-LENGTH DATA ELEMENTS--GENERAL INFORMATION
fixed length control field 240331s9999 xx 000 0 und d
020 ## - INTERNATIONAL STANDARD BOOK NUMBER
ISBN 0241132711
082 ## - DDC Classification
Item Number - Author Mark FRE
DDC Edition Number 1110
Class No. 305.4
100 ## - MAIN ENTRY--PERSONAL NAME
Personal name French, M
245 #4 - TITLE STATEMENT
Title The War Against Women
260 ## - PUBLICATION, DISTRIBUTION, ETC.
Place of publication, distribution, etc. London
Name of publisher, distributor, etc. Hamish Hamilton
Date of publication, distribution, etc. 1992
300 ## - PHYSICAL DESCRIPTION
Extent (e.g. Volumes, Pages etc.) 229 p.,
650 ## - SUBJECT ADDED ENTRY--TOPICAL TERM
Topical term or geographic name entry element Women
650 ## - SUBJECT ADDED ENTRY--TOPICAL TERM
Topical term or geographic name entry element Discrimination
650 ## - SUBJECT ADDED ENTRY--TOPICAL TERM
Topical term or geographic name entry element Cultural War
650 ## - SUBJECT ADDED ENTRY--TOPICAL TERM
Topical term or geographic name entry element Men
942 ## - Koha item type (Biblio)
Koha item type Books in Stacks (Lending)
Holdings
Lost status Damaged status Collection code Home library Current library Shelving location Date acquired Full call number Accession Number Item type
    Lending WERC Library WERC Library Social Science Cupboard 03/31/2024 305.4 FRE 1110 Books in Stacks (Lending)

© WERC Library